Politischer Pluralismus und Verfassungsstaat in Deutschland und Ungarn
Saved in:
| Other Authors: | |
|---|---|
| Format: | Book |
| Language: | German |
| Published: |
München
Südosteuropa-Gesellschaft
1992
|
| Edition: | 1. Aufl. |
| Series: | Südosteuropa-Studie
49 |
| Subjects: | |
| Tags: |
No Tags, Be the first to tag this record!
|
MARC
| LEADER | 00000nam a2200000 4500 | ||
|---|---|---|---|
| 001 | c016010 | ||
| 005 | 20221206083450.0 | ||
| 020 | |a 3-925450-30-0 | ||
| 041 | 0 | |a ger | |
| 044 | |a DE | ||
| 245 | 1 | 0 | |a Politischer Pluralismus und Verfassungsstaat in Deutschland und Ungarn |c Edit. Georg Brunner |
| 250 | |a 1. Aufl. | ||
| 264 | 1 | |a München |b Südosteuropa-Gesellschaft |c 1992 | |
| 300 | |a 181 s. | ||
| 490 | 1 | |a Südosteuropa-Studie |v 49 | |
| 830 | 0 | |a Südosteuropa-Studie |v 49 | |
| 610 | 2 | 0 | |a štúdie |
| 610 | 2 | 0 | |a štát |
| 610 | 2 | 0 | |a ústava |
| 610 | 2 | 0 | |a pluralizmus |
| 610 | 2 | 0 | |a ochrana práv občanov |
| 610 | 2 | 0 | |a ochrana právna |
| 610 | 2 | 0 | |a strany politické |
| 610 | 2 | 0 | |a voľby |
| 610 | 2 | 0 | |a parlamenty |
| 610 | 2 | 0 | |a zákony |
| 610 | 2 | 0 | |a právo |
| 610 | 2 | 0 | |a Nemecko |
| 610 | 2 | 0 | |a Maďarsko |
| 700 | 1 | |a Brunner, Georg | |